000 00597 a2200205 4500
001 63731
005 20260407155936.0
008 260407a1955 arg spa d
003 AR-UNSa-BCEJYS
040 _aAR-UNSa-BCEJYS
_bspa
_cAR-UNSa-BCEJYS
080 _a514.12
_xGeometrías euclidianas y seudoeuclidianas. Geometría analítica
245 1 0 _aAnalytic geometry
250 _a2a. ed.
264 1 _aNew York :
_bMcGraw-Hill Book Company
_c1955
300 _aix, 310 p.
_c21 cm.
041 _aspa
942 _cBK
590 _aniveau_biblio:m niveau_hierar:0
100 1 _aMiddlemiss, Ross R.
999 _c8291
_d8291